Top 15 non-English Languages by State (Maryland) - Statistics

General Stats
  • This quiz has been taken 21 times
  • The average score is 9 of 13
Answer Stats
Answer % Correct
Portuguese
100%
Spanish
100%
Chinese
94%
French
89%
Russian
89%
Korean
83%
Vietnamese
78%
Tagalog
72%
Persian
61%
Urdu
61%
Amharic
39%
French Creole
6%
Kru, Ibo, Yoruba
0%
No matching quizzes found
Score Distribution
Percent of People with Each Score
Percentile by Number Answered
Your Score History
You have not taken this quiz